| 000 | 00838nam a2200205Ia 4500 | ||
|---|---|---|---|
| 008 | 0000002014 usad 0000000000eng00 | ||
| 020 | _a9780897974677 | ||
| 090 | _aPUS00 G76r4 | ||
| 100 | 1 |
_aGrooms, Red _d1937 |
|
| 245 | 1 | 0 |
_aRed Grooms _b: torn from the pages II _c/ Red Grooms ; photography Bill Orcutt |
| 300 |
_a27 p. _c/ 22 cm. |
||
| 500 | _aExposición realizada en Marlborough Gallery de Nueva York entre el 19 de marzo y el 19 de abril de 2014 \ Incluye datos biográficos y cronología artística \ Texto en inglés | ||
| 600 | 0 | 0 |
_a GROOMS, RED, 1937/ _xTRABAJOS PICTORICOS |
| 650 | 1 | 4 | _aARTE CONTEMPORANEO ESTADOUNIDENSE |
| 650 | 1 | 4 | _aARTISTAS PLASTICOS ESTADOUNIDENSES |
| 650 | 1 | 4 | _xCATALOGOS |
| 650 | 1 | 4 | _xEXPOSICIONES |
| 650 | 1 | 4 | _aPINTURA ESTADOUNIDENSE |
| 999 |
_c15838 _d15838 |
||
| 260 |
_aNew York : Marlborough _c2014 |
||